| 000 | 00835nam a2200205 a 4500 | ||
|---|---|---|---|
| 003 | 0 | ||
| 005 | 20250310105133.0 | ||
| 008 | 090709s19uu xx 00 eng d | ||
| 050 |
_aPHS BF 637.C45 _b.An531 2009 |
||
| 100 | _aAn, Chi Ho. | ||
| 245 |
_aA Comparative study on the interpersonal skills of working and non-working students of Southville International School and Colleges / _cChi Ho An. |
||
| 260 |
_aLas PiƱas City, Philippines : _bSouthville International School and Colleges, _c2009. |
||
| 300 |
_a22 pages : _billustrations ; _c28 cm. |
||
| 504 | _aIncludes bibliographical references. | ||
| 650 | _aInterpersonal relations in adolescence. | ||
| 650 |
_aInterpersonal communication _xPsychological aspects. |
||
| 650 |
_aStudents _xEmployment _vPsychological aspects. |
||
| 650 | _aWork and family. | ||
| 942 |
_2lcc _cPASS |
||
| 999 |
_c98228 _d98228 |
||